000 00829cam a22002775a 4500
001 14308598
005 20160320145338.0
008 060321t2007 paua fr 001 0 eng d
020 _a9780323034081
020 _a032303408X
040 _aDLC
_cDLC
_dDLC
_dEG-ScBUE
_beng
082 0 4 _a615.1
_222
_bELS
245 0 0 _aElsevier's integrated pharmacology /
_cMark Kester ... [et al.]
246 3 0 _aIntegrated pharmacology
250 _a1st ed.
260 _aPhiladelphia :
_bMosby / Elsevier,
_cc.2007.
300 _axiii, 235 p. :
_bill. (col.) ;
_c28 cm.
500 _aIndex : p. 221-235.
650 7 _aDrugs
_xAdministration.
_2BUEsh
_939006
650 7 _aPharmacology.
_2BUEsh
_912590
650 7 _aTherapeutics.
_2BUEsh
_939366
651 _2BUEsh
653 _bPPhrm
_cMarch2016
700 1 _aKester, Mark.
942 _2ddc
999 _c21457
_d21429